LEADER 01093nam a2200253 i 4500 001 991000381119707536 005 20020506125836.0 008 951020s1982 be ||| | fre 020 $a2800407921 035 $ab10691996-39ule_inst 035 $aEXGIL144552$9ExL 040 $aBiblioteca Interfacoltà$bita 100 1 $aCrahay, Roland$0470641 245 13$aLa tolérance civile :$bColloque international organisé à l'Université de Mons du 2 au 4 septembre 1981 ... :$bactes /$cpubliés par Roland Crahay 260 $aBruxelles :$bUniversité de Bruxelles,$c1982 300 $a258 p. ;$c24 cm. 500 $aIn testa al front. : Université libre de Bruxelles. - Corrisponde a : Etudes sur le 18. siècle ; vol. hors série 1. 650 4$aTolleranza religiosa$xCongressi$y1981 907 $a.b10691996$b02-04-14$c28-06-02 912 $a991000381119707536 945 $aLE002 Con. 372$g1$iLE002-17905N$lle002$o-$pE0.00$q-$rl$s- $t0$u0$v0$w0$x0$y.i10786156$z28-06-02 996 $aTolérance civile$9908413 997 $aUNISALENTO 998 $ale002$b01-01-95$cm$da $e-$ffre$gbe $h3$i1 LEADER 04246nam 2200841z- 450 001 9910557117103321 005 20210501 035 $a(CKB)5400000000040875 035 $a(oapen)https://directory.doabooks.org/handle/20.500.12854/68532 035 $a(oapen)doab68532 035 $a(EXLCZ)995400000000040875 100 $a20202105d2021 |y 0 101 0 $aeng 135 $aurmn|---annan 181 $ctxt$2rdacontent 182 $cc$2rdamedia 183 $acr$2rdacarrier 200 00$aAdvanced DC-DC Power Converters and Switching Converters 210 $aBasel, Switzerland$cMDPI - Multidisciplinary Digital Publishing Institute$d2021 215 $a1 online resource (188 p.) 311 08$a3-0365-0446-X 311 08$a3-0365-0447-8 330 $aNowadays, power electronics is an enabling technology in the energy development scenario. Furthermore, power electronics is strictly linked with several fields of technological growth, such as consumer electronics, IT and communications, electrical networks, utilities, industrial drives and robotics, and transportation and automotive sectors. Moreover, the widespread use of power electronics enables cost savings and minimization of losses in several technology applications required for sustainable economic growth. The topologies of DC-DC power converters and switching converters are under continuous development and deserve special attention to highlight the advantages and disadvantages for use increasingly oriented towards green and sustainable development. DC-DC converter topologies are developed in consideration of higher efficiency, reliable control switching strategies, and fault-tolerant configurations. Several types of switching converter topologies are involved in isolated DC-DC converter and nonisolated DC-DC converter solutions operating in hard-switching and soft-switching conditions. Switching converters have applications in a broad range of areas in both low and high power densities. The articles presented in the Special Issue titled "Advanced DC-DC Power Converters and Switching Converters" consolidate the work on the investigation of the switching converter topology considering the technological advances offered by innovative wide-bandgap devices and performance optimization methods in control strategies used. 606 $aHistory of engineering and technology$2bicssc 610 $aautomotive 610 $abattery charger 610 $abidirectional 610 $abidirectional converter 610 $abuck-boost converter 610 $aburst-mode switching 610 $acircuit modelling 610 $aComponent Connection Method 610 $aDC-DC converters 610 $aDC/DC converter 610 $aelectric vehicle (EV) 610 $aenergy storage 610 $afast charging 610 $aGaN 610 $ahigh efficiency 610 $ahigh step-up DC-DC converter 610 $ahigh switching frequency 610 $ahigh-frequency transformer configurations 610 $ainterleaved dc-dc converter 610 $ainterleaved operation 610 $aintermittent switching 610 $amulti-input-port 610 $amulti-port dual-active bridge (DAB) converter 610 $aphase-shift modulation 610 $aphotovoltaics 610 $apower converter 610 $apower electronics 610 $apower electronics-based systems 610 $aSi devices 610 $aSiC 610 $aSiC devices 610 $aSiC MOSFET 610 $asilicon carbide (SiC) MOSFETs 610 $asingle-diode model 610 $astability analysis 610 $astate-space 610 $astate-space methods 610 $athree-phase bidirectional isolated DC-DC converter 610 $athree-phase dual-active bridge 610 $athree-winding coupled inductor 610 $avirtual synchronous generators 610 $awide-band-gap (WBG) semiconductors 615 7$aHistory of engineering and technology 700 $aMusumeci$b Salvatore$4edt$01193372 702 $aMusumeci$b Salvatore$4oth 906 $aBOOK 912 $a9910557117103321 996 $aAdvanced DC-DC Power Converters and Switching Converters$93031143 997 $aUNINA